| 000 | 00665nam a2200229 a 4500 | ||
|---|---|---|---|
| 001 | 51513 | ||
| 003 | BD-RjUL | ||
| 005 | 20211209075654.0 | ||
| 008 | 160831r19651961nyu||||| |||| 001 0 eng d | ||
| 035 | _a(BD-RjUL)51633 | ||
| 040 |
_aBD-RjUL _beng _cBD-RjUL |
||
| 041 | _aeng | ||
| 082 |
_223 _a519.82 _bCOQ 1965 |
||
| 100 | 1 |
_aD R Cox; Walter L Smith _9154006 |
|
| 245 | 1 | 0 |
_aQueues / _cD R Cox ; Walter L Smith |
| 260 |
_aLondon : _bMethuen, _aNew York : _bWiley, _cc1961, [Reprinted 1963, 1965] |
||
| 300 |
_a180 p. : _bill. ; _c19 cm. |
||
| 500 | _aIncludes index | ||
| 650 |
_aQueuing theory. _9154007 |
||
| 700 |
_aSmith, Walter L _9154008 |
||
| 942 |
_2ddc _cBK |
||
| 999 |
_c51513 _d51513 |
||